LEADER 01842oas 2200541 a 450 001 9910702842703321 005 20251106213014.0 035 $a(OCoLC)427082281 035 $a(CONSER) 2009231318 035 $a(CKB)1000000000800216 035 $a(EXLCZ)991000000000800216 100 $a20090721a20069999 ua a 101 0 $aeng 135 $aur||||||||||| 181 $ctxt$2rdacontent 182 $cc$2rdamedia 183 $acr$2rdacarrier 200 04$aThe Collection and conservation of cultivated and wild crop genetic resources ... annual report 210 $aWashington, D.C. $cU.S. Dept. of Agriculture, Agricultural Research Service 215 $cHTML files 311 08$a2151-6480 606 $aCrops$xGermplasm resources$zAzerbaijan$vPeriodicals 606 $aCrops$xGermplasm resources$xInternational cooperation$vPeriodicals 606 $aCrops$xGermplasm resources$2fast$3(OCoLC)fst00884016 607 $aAzerbaijan$2fast$1https://id.oclc.org/worldcat/entity/E39PBJqQyVrd8rRY6vRp7MWbh3 608 $aPeriodicals.$2fast 608 $aPeriodicals.$2lcgft 615 0$aCrops$xGermplasm resources 615 0$aCrops$xGermplasm resources$xInternational cooperation 615 7$aCrops$xGermplasm resources. 676 $a338 712 02$aPlant Genetic Resources, Genomics, and Genetic Improvement National Program (U.S.) 712 02$aUnited States.$bAgricultural Research Service. 801 0$bGPO 801 1$bGPO 801 2$bDLC 801 2$bGPO 801 2$bOCLCQ 801 2$bOCLCA 801 2$bGILDS 801 2$bOCLCF 801 2$bOCLCQ 801 2$bOCLCL 801 2$bOCLCQ 906 $aJOURNAL 912 $a9910702842703321 996 $aThe Collection and conservation of cultivated and wild crop genetic resources ... annual report$93120592 997 $aUNINA